000 00857nam a2200265 a 4500
003 OSt
005 20210818181720.0
008 110511s2007 ag a gr 001 0 spa
020 _a9789501121452
040 _bspa
041 1 _aspa
_heng
082 0 4 _a551.792
_bD621e
100 1 _aDixon, Dougal
_950762
245 1 3 _aLa era del hielo
_ctextos de Dougal Dixon ; traducción de Delia M. G. de Acuña
260 _aBuenos Aires
_bSigmar
_c2007
300 _a32 páginas
_bilustraciones
_c27 cm
490 0 _aMundo prehistórico
500 _aIncluye índice y glosario
521 1 _aA partir de 8 años
650 1 4 _aPeriodos glaciares
650 2 4 _aGeología histórica
650 2 4 _aLibros ilustrados para niños
700 _aM. G. de Acuña, Delia
_etraductora
_950763
942 _2ddc
_h551.792 D621e
_k551.792
_mD621e
999 _c12075
_d12075